00600nam a2200205Ia 450000500170000000800410001704000190005804100120007708200170008910000240010624500630013025000280019326000400022130000350026150400190029665000140031565100270032970000280035685000100038420240208095601.0131103s9999 xx 000 0 und d aLoreto College aEnglish a370.15 bWOO aWoodworth,Robert S. aPsychology, b cRobert S.Woodworth and Donald G.Marquis aa study of mental life  aLondonbUniversity Paperbacksc1963 axiii,674 p.b ill.,fig.,photos aReprinted 1965 aEducation aEducational Psychology aMarquis,Donald G. auth. aLCLIB